MOSTEK 1980 circuits and systems product (Record no. 68115)

000 -LEADER
fixed length control field 00402nam a22001577a 4500
003 - CONTROL NUMBER IDENTIFIER
control field NUST - PNEC
005 - DATE AND TIME OF LATEST TRANSACTION
control field 20170116181041.0
008 - FIXED-LENGTH DATA ELEMENTS--GENERAL INFORMATION
fixed length control field 150922b xxu||||| |||| 00| 0 eng d
040 ## - CATALOGING SOURCE
Transcribing agency LIBRARY
082 ## - DEWEY DECIMAL CLASSIFICATION NUMBER
Classification number 621.3815 MOS
100 ## - MAIN ENTRY--PERSONAL NAME
9 (RLIN) 11609
Personal name Mostek
245 ## - TITLE STATEMENT
Title MOSTEK 1980 circuits and systems product
Statement of responsibility, etc. MOSTEK
260 ## - PUBLICATION, DISTRIBUTION, ETC.
Date of publication, distribution, etc. 1980
650 ## - SUBJECT ADDED ENTRY--TOPICAL TERM
9 (RLIN) 9259
Topical term or geographic name entry element Electronic circuits
General subdivision EE, EL
942 ## - ADDED ENTRY ELEMENTS (KOHA)
Source of classification or shelving scheme
Koha item type Book
Holdings
Withdrawn status Lost status Source of classification or shelving scheme Damaged status Not for loan Permanent Location Current Location Shelving location Date acquired Total Checkouts Full call number Barcode Date last seen Price effective from Koha item type
          Pakistan Navy Engineering College (PNEC) Pakistan Navy Engineering College (PNEC)       621.3815 MOS PNECLIB-009638 09/22/2015   Book
© 2023 Central Library, National University of Sciences and Technology. All Rights Reserved.